00424 2200169 4500001002100000005001500021008004100036020002200077035001900099041000700118082001000125090001600135100002700151245003000178260001900208300002700227INLIS00000000000018220241224112129241224||||||||| | ||| |||| || |  a978-979-8433-90-0 0010-1224000182 aid0 a332.1 a332.1 MOH g0 aMoh. Wahyudin Zarkasyi00aGood Corporate Governance balfabetac2008 axviii, 194 hlm.; 24 cm